Представление документа в формате RUSMARC

ПолеНазваниеЗначение
  Тип записи a
  Библиографический уровень m
001 Контрольный номер 93fdfdf6f5d84bcdbb88315fb9939b5e
005 Дата корректировки 20201206205150.8
010 Индекс ISBN __
a ISBN 978-5-699-97139-8 (в пер.)
d Цена 332-20, 12000 экз.
100 Данные общей обработки __
a Данные общей обработки 19181121d2017||||||| 0rusy0189 ca
101 Язык документа 0_
a Язык текста rus
102 Страна публикации __
a Страна публикации RU|
102 Страна публикации __
a Страна публикации RU
105 Кодированные данные (монография) __
a Кодированные данные (монография) ||||||||000zy
200 Заглавие и сведения об ответственности 1_
a Заглавие Синдром Атяшево
e Сведения, относящиеся к заглавию роман
f Первые сведения об ответственности Олег Рой
b Общее обозначение материала Текст
210 Выходные данные __
a Место издания Москва
c Издательство Э
d Дата издания 2017
215 Физическое описание __
a Объем 345, [2] с.
d Формат 20 см
225 Серия __
a Серия Капризы и странности судьбы. Романы О. Роя
330 Аннотация __
a Аннотация Когда популярная актриса Ирина Невельская привезла жениха из провинциального Атяшева, никто не поверил в прочность этих отношений. К тому же Иван совершенно не приспособлен к жизни в городских джунглях, а еще не признает компромиссов и не умеет лгать, из-за чего постоянно попадает в непростые и курьезные ситуации. Справится ли этот богатырь вдали от родной земли, сохранит ли в себе нечто главное, что враги называют "синдромом Атяшево", а он сам - "синдромом правды"?.. Будут ли они с Ириной счастливы?
333 Примечание о целевом назначении __
a Примечание о целевом назначении 16+. Для детей старше 16 лет
606 Тематические рубрики __
a Основная рубрика Художественная литература
606 Тематические рубрики __
a Основная рубрика Современная русская литература (произведения)
610 Ключевые слова __
a Ключевые слова женская проза
610 Ключевые слова __
a Ключевые слова тема любви
610 Ключевые слова __
a Ключевые слова романы
610 Ключевые слова __
a Ключевые слова проза
610 Ключевые слова __
a Ключевые слова тема выбора
610 Ключевые слова __
a Ключевые слова тема жизни
610 Ключевые слова __
a Ключевые слова тема брака
686 Индексы других классификаций __
2 Код системы rubbks
a Классификационный индекс 84(2=411.2)6-4; ст84(2Рос=Рус)6-4
700 Автор _1
a Фамилия Рой
b Имя О.
c Титул (звания) псевдоним
c Титул (звания) Резепкин, Олег Юрьевич
f Даты 1965-
g Полное личное имя Олег
4 Код отношения 070
801 Источник записи _0
a Страна RU
b Организация Муниципальное бюджетное учреждение культуры "Централизованная библиотечная система" г. Сургут (Центральная городская библиотека им. А. С. Пушкина)
c Дата составления 20181121
g Правила каталогизации PSBO
801 Источник записи _1
a Страна RU
b Организация Муниципальное бюджетное учреждение культуры "Централизованная библиотечная система" г. Сургут (Центральная городская библиотека им. А. С. Пушкина)
c Дата составления 20181121
g Правила каталогизации PSBO
852 Данные о местонахождении __
j Шифр хранения 84(2=411.2)6-4
i Авторский знак Р 65
901 Тип документа __
t Тип документа m
a Ответственный КиК/Апакова
903 Характеристики (МАРС) __
a Дата передачи 20181121
990 Данные о заказе (DOS) __
j Количество экземпляров (DOS) 10
t N записи в КСУ для И/У (DOS) 201811